Sociálne dávky - prídavky na deti
Výklad právnej úpravy prídavkov na deti podľa zákona č. 193/1994 Z.z. s príkladmi. Nárok na prídavky na deti, definícia nezaopatrenosti dieťaťa, výška prídavkov na dieťa a uplatnenie nároku na prídavky na deti.
Gespeichert in:
| 1. Verfasser: | |
|---|---|
| Format: | Buchkapitel |
| Sprache: | Slowakisch |
| Schlagworte: | |
| Tags: |
Keine Tags, Fügen Sie das erste Tag hinzu!
|
MARC
| LEADER | 00000naa a2200000 4500 | ||
|---|---|---|---|
| 001 | r039093 | ||
| 005 | 20230824105651.1 | ||
| 041 | 0 | |a slo | |
| 044 | |a SK | ||
| 245 | 1 | 0 | |a Sociálne dávky - prídavky na deti |c Zuzana Tekulová |
| 520 | |a Výklad právnej úpravy prídavkov na deti podľa zákona č. 193/1994 Z.z. s príkladmi. Nárok na prídavky na deti, definícia nezaopatrenosti dieťaťa, výška prídavkov na dieťa a uplatnenie nároku na prídavky na deti. | ||
| 610 | 2 | 0 | |a prídavky na deti |
| 610 | 2 | 0 | |a dávky sociálne |
| 610 | 2 | 0 | |a pomoc sociálna |
| 610 | 2 | 0 | |a úroveň životná |
| 610 | 2 | 0 | |a deti |
| 610 | 2 | 0 | |a zákony |
| 610 | 2 | 0 | |a úpravy právne |
| 610 | 2 | 0 | |a Slovensko |
| 610 | 2 | 0 | |a 1994 |
| 100 | 1 | |a Tekulová, Zuzana | |